Music Quiz

Random Music or Song Quiz
Score 0/20 Timer 02:00
0 Plays Today
Question Answer Wrong Answers
__ Year's Day
U2 (1983)
New
95.3%
Old
1.5%
Never Too __ (To Hold Somebody)
Elton John and Leon Russel (2010)
Old
95%
New
1.8%
I Will Buy You A __ Life
Everclear (1997)
New
94.9%
Old
1.8%
Don't Die Young, Don't Get __
Little Big Town (2017)
Old
94.8%
New
2%
__ Kid In Town
The Eagles (1976)
New
94.3%
Old
2.4%
Same __ Song
The Weeknd (2011)
Old
94.2%
New
2.6%
What's __ Pussycat?
Burt Bacharach and Tom Jones (1965)
New
93.7%
Old
3.1%
Same __ Love
Selena Gomez (2015)
Old
93.3%
New
3.4%
I Want A __ Drug
Huey Lewis and The News (1983)
New
93.3%
Old
3.4%
(Remember the Days) of the __ Schoolyard
Cat Stevens (1977)
Old
92.6%
New
4%
__ Habits Die Hard
Mick Jagger (2004)
Old
92.3%
New
4.5%
__ and Wise
The Alan Parsons Project (1982)
Old
92%
New
4.8%
Someone __
Hozier (2014)
New
90.7%
Old
6.1%
__ Sensation
INXS (1987)
New
89.1%
Old
7.6%
Diamond Rings and __ Barstools
Tim McGraw (2014)
Old
82.7%
New
14%
__ Brown Shoe
The Beatles (1969)
Old
80.4%
New
16.3%
__ World Man
Rush (1982)
New
71.2%
Old
25.6%
__ and Crazy
Bruno Mars (2012)
Old
70.2%
New
26.5%
__ Romantics
Taylor Swift (2014)
New
67.9%
Old
28.8%
__ Man
Ed Sheeran (2017)
New
51.2%
Old
45.7%
Remove Ads.
Support Sporcle.
Get the best of Sporcle when you Go Orange. This ad-free experience offers more features, more stats, and more fun while also helping to support Sporcle. Thank you for becoming a member.

You're not logged in!

Compare scores with friends on all Sporcle quizzes.
OR
Log In

Sporcle TV

Today on Sporcle TV


Watch our educational content, quiz creation guides, and fun videos on Sporcle TV.

Show Comments

Extras

Top Quizzes Today


Score Distribution

Paid Content

Your Account Isn't Verified!

In order to create a playlist on Sporcle, you need to verify the email address you used during registration. Go to your Sporcle Settings to finish the process.

Report this User

Report this user for behavior that violates our Community Guidelines.

Details: